Taylor Swift - What Album Is This Song From? - Statistics

General Stats
  • This quiz has been taken 106 times
  • The average score is 9 of 11
Answer Stats
Hint Answer % Correct
You’re Not Sorry Fearless
85%
Death By A Thousand Cuts Lover
85%
I Wish You Would 1989
83%
Haunted Speak Now
83%
Sweet Nothing Midnights
80%
The Bolter The Tortured Poets Department
80%
right where you left me Evermore
78%
seven Folklore
78%
Dress Reputation
78%
The Outside Taylor Swift
78%
Begin Again Red
75%
No matching quizzes found
Score Distribution
Percent of People with Each Score
Percentile by Number Answered
Your Score History
You have not taken this quiz